000 00706nam a2200265Ia 4500
001 9533
005 20240113234213.0
007 ta
008 050726s1998 a g b000 u asm u
040 _aCotton College,Assam
041 _aasm
082 _a491.4101
_bR 211 A
100 _aRoychoudhury, Anil .
245 0 _aAsamiya Bhasar Darshan /
_cAnil Roychoudhury.
_hTextual Documents
250 _a1st ed. /
260 _aGuwahati :
_bNatun Sahitya Parishad ,
_c1998.
300 _a44p. :
_bill. ;
_c22cm .
653 _aAssamese Language-Philosophy
653 _aMS-Assamese
942 _2ddc
_cBK
999 _c9520
_d9520